000 01221nam a2200229Ia 4500
003 Ost
005 20260507075407.0
008 260507s9999||||xx |||||||||||||| ||und||
020 _a202388977
040 _cfsecg
041 _aara
082 _a330
100 _aالنحراوي، أيمن
_eمؤلف
245 0 _aالأسطول التجاري البحري /
_c أيمن النحراوي
260 _aالإسكندرية:
_bمركز الإسكندرية للكتاب,
_c2008
300 _a494 صفحة؛
_bإيضاحات ؛
_c23 سم
520 _aيضم تاريخ عريق للبحرية العربية، التقسيمات المختلفة لسفن الأساطيل البحرية في العالم، الدور الإقتصادي للأسطول التجاري البحري الإطار الإقتصادي للإستثمار في سفن الأسطول، منظومة إدارة السلامة الدولية وأثرها على سفن الأسطول، المتطلبات والقواعد الدولية لعمليات السلامة للسفن ولمنع التلوث
653 _aالأسطول
653 _aالتجارة البحرية
653 _aالسفن التجارية
942 _cكتاب
999 _c44322
_d44322